Stavebné sporenie a štátna prémia

Dôvody obľúbenosti stavebného sporenia. Bytová politika štátu - rámcové dokumenty. Časté zmeny zákona o stavebnom sporení - znižovanie štátnej prémie. Stavebné sporiteľne v SR.

Na minha lista:
Detalhes bibliográficos
Autor principal: Oravec, Peter
Formato: Capítulo de Livro
Idioma:eslovaco
Assuntos:
Tags: Adicionar Tag
Sem tags, seja o primeiro a adicionar uma tag!

MARC

LEADER 00000naa a2200000 4500
001 r048886
005 20220729111030.3
041 0 |a slo 
044 |a SK 
245 1 0 |a Stavebné sporenie a štátna prémia  |c Peter Oravec 
520 |a Dôvody obľúbenosti stavebného sporenia. Bytová politika štátu - rámcové dokumenty. Časté zmeny zákona o stavebnom sporení - znižovanie štátnej prémie. Stavebné sporiteľne v SR. 
610 2 0 |a sporenie stavebné 
610 2 0 |a prémie 
610 2 0 |a štát 
610 2 0 |a politika bytová 
610 2 0 |a byty 
610 2 0 |a zákony 
610 2 0 |a novelizácia 
610 2 0 |a sporiteľne stavebné 
610 2 0 |a financovanie 
610 2 0 |a Slovensko 
100 1 |a Oravec, Peter